Gazetaria Hulumtuese (Record no. 60798)
[ view plain ]
| 000 -LEADER | |
|---|---|
| fixed length control field | 00288nam a22001337a 4500 |
| 008 - FIXED-LENGTH DATA ELEMENTS--GENERAL INFORMATION | |
| fixed length control field | 260216b ||||| |||| 00| 0 eng d |
| 020 ## - INTERNATIONAL STANDARD BOOK NUMBER | |
| International Standard Book Number | 2.1 |
| 041 ## - LANGUAGE CODE | |
| Language code of text/sound track or separate title | shqip |
| 080 ## - UNIVERSAL DECIMAL CLASSIFICATION NUMBER | |
| Universal Decimal Classification number | 2.1 |
| 100 ## - Rafti | |
| Rafti | 20 |
| 101 ## - Shkurtesa | |
| Shkurtesa | media |
| 245 ## - TITLE STATEMENT | |
| Title | Gazetaria Hulumtuese |
| Statement of responsibility, etc | Musa Sabedini |
| 942 ## - ADDED ENTRY ELEMENTS (KOHA) | |
| Source of classification or shelving scheme | |
| Item type | Books |
No items available.